| 000 | 00790cam a22002533a 4500 | ||
|---|---|---|---|
| 001 | 27152 | ||
| 003 | PGUSA | ||
| 005 | 20140828083603.0 | ||
| 008 | 081104s2008||||xxu|||||s|||||000 | eng d | ||
| 040 |
_aPGUSA _beng |
||
| 042 | _adc | ||
| 050 | 4 | _aDS | |
| 100 | 1 |
_aWorsfold, W. Basil _q(William Basil), _d1858-1939 |
|
| 245 | 1 | 2 |
_aA Visit to Java : _bWith an Account of the Founding of Singapore _h[electronic resource] / _cW. Basil Worsfold |
| 260 |
_bProject Gutenberg, _c2008 |
||
| 506 | _aPublic domain in the USA. | ||
| 516 | _aElectronic text | ||
| 653 | _aNetherlands -- Colonies -- Java | ||
| 653 | _aJava (Indonesia) -- Description and travel | ||
| 653 | _aSingapore | ||
| 830 | 0 |
_aProject Gutenberg _v27152 |
|
| 856 | 4 | 0 | _uhttp://www.gutenberg.org/ebooks/27152 |
| 942 | _cEB | ||
| 999 |
_c256407 _d256407 |
||